[Event "7th Georgiev - Kesarovski Mem"]
[Site "Sunny Beach BUL"]
[Date "2008.09.14"]
[Round "9"]
[White "Georgiev,Kr"]
[Black "Lilov,V2"]
[Result "1/2-1/2"]
[WhiteElo "2446"]
[BlackElo "2382"]

1.e4 c5 2.Nf3 Nc6 3.Bb5 d6 4.O-O Bd7 5.Re1 Nf6 6.h3 a6 7.Bf1 g6 8.c3 Bg7
9.d4 cxd4 10.cxd4 O-O 11.Nc3 e5 12.d5 Nd4 13.Nxd4 exd4 14.Qxd4 Nxe4 15.Qb4 a5
16.Qa3 Nc5 17.Ne4 Nxe4 18.Rxe4 Qb6 19.Bd3 Rfc8 20.Re2 Qc5 21.Qxc5 Rxc5 22.Be3 Rxd5
23.Bc4 Re5 24.Rd2 Bb5 25.Rc1 Bxc4 26.Rxc4 Re7 27.b3 Rd7 28.Rd5 f5 29.a4 Ra6
30.Rc8+ Kf7 31.Rb8 Rc6 32.Kf1 Bc3  1/2-1/2

[Event "II ROMGAZ Open"]
[Site "Bucharest ROU"]
[Date "2008.09.15"]
[Round "5"]
[White "Filippov,An UZB"]
[Black "Kononenko,Dmitry1"]
[Result "0-1"]
[WhiteElo "2531"]
[BlackElo "2502"]

1.e4 c5 2.Nf3 Nc6 3.Bb5 d6 4.O-O Bd7 5.Re1 Nf6 6.h3 g6 7.Bxc6 Bxc6 8.e5 dxe5
9.Nxe5 Rc8 10.Nc3 Bg7 11.Qe2 O-O 12.d3 Re8 13.Bf4 Nd5 14.Bd2 Nxc3 15.Bxc3 Qd5
16.Qg4 b5 17.Nxc6 Rxc6 18.Bxg7 Kxg7 19.a4 c4 20.axb5 Qxb5 21.Rxa7 Qxb2 22.dxc4 Qxc2
23.Qd4+ Rf6 24.f4 Rc8 25.Re4 Rd8 26.Qxd8 Qb1+ 27.Kh2 Qxe4 28.Qd2 e5 29.fxe5 Qxe5+
30.g3 Rf3 31.Qg2 Re3 32.Ra2 h5 33.h4 g5 34.Qb2 Rc3 35.Ra3 Qxg3+ 36.Kh1 Qxh4+
37.Kg2 Qe4+  0-1

[Event "4th ch-EU"]
[Site "Liverpool ENG"]
[Date "2008.09.15"]
[Round "7"]
[White "Abergel,T"]
[Black "Bacrot,E"]
[Result "1/2-1/2"]
[WhiteElo "2499"]
[BlackElo "2691"]

1.e4 c5 2.Nf3 Nc6 3.Bb5 g6 4.Bxc6 bxc6 5.d3 Bg7 6.O-O d6 7.Nc3 Rb8 8.h3 e5
9.Ne2 Ne7 10.c3 O-O 11.d4 exd4 12.cxd4 cxd4 13.Nexd4 c5 14.Ne2 d5 15.Ng3 dxe4
16.Nxe4 Qxd1 17.Rxd1 c4 18.Bg5  1/2-1/2

[Event "II ROMGAZ Open"]
[Site "Bucharest ROU"]
[Date "2008.09.16"]
[Round "6"]
[White "Partac,E"]
[Black "Abasov,N"]
[Result "0-1"]
[WhiteElo "2138"]
[BlackElo "2369"]

1.e4 c5 2.Nf3 Nc6 3.Bb5 g6 4.O-O Bg7 5.Re1 Nf6 6.e5 Nd5 7.Nc3 Nc7 8.Bxc6 bxc6
9.Ne4 Ne6 10.d3 d5 11.exd6 exd6 12.Bg5 f6 13.Be3 O-O 14.Qd2 f5 15.Neg5 Bxb2
16.Nxe6 Bxe6 17.Rab1 Bg7 18.Bh6 Bxa2 19.Bxg7 Kxg7 20.Rb7+ Rf7 21.Rb2 Bd5
22.Ng5 Re7 23.Rxe7+ Qxe7 24.c4 Bf7 25.g3 h6 26.Nxf7 Qxf7 27.Rb3 Qe7 28.Qb2+ Qe5
29.Rb7+ Kf6 30.Qd2 g5 31.Qa5 f4 32.Rh7 Kg6 33.Qc7 Rf8 34.d4 Qe1+ 35.Kg2 f3+
36.Kh3 Qf1+ 37.Kg4 Rf4+  0-1

[Event "EYb12"]
[Site "Herceg Novi MNE"]
[Date "2008.09.16"]
[Round "2"]
[White "Samdanov,S"]
[Black "Matsenko,A"]
[Result "1-0"]
[WhiteElo "1718"]
[BlackElo "1953"]

1.e4 c5 2.Nf3 Nc6 3.Bb5 e6 4.Bxc6 bxc6 5.O-O Ne7 6.Re1 Ng6 7.d3 e5 8.Nc3 d6
9.h3 Be7 10.Ne2 O-O 11.Bd2 Rb8 12.b3 f5 13.exf5 Bxf5 14.Ng3 Bd7 15.Re4 Bf6
16.Ra4 Rb7 17.Ne4 Be7 18.Bg5 Bxg5 19.Nfxg5 Qe7 20.Qh5 h6 21.Qxg6 hxg5 22.Qxd6 Qf7
23.Qxc5 Qh5 24.Qxe5 Rf5 25.Ng3 Rxe5 26.Nxh5 Re2 27.Rc1 Be8 28.Ng3 Re5 29.Re4 Rbe7
30.Rce1  1-0

[Event "4th ch-EU"]
[Site "Liverpool ENG"]
[Date "2008.09.16"]
[Round "8"]
[White "Edouard,R"]
[Black "Estremera Panos,S"]
[Result "1-0"]
[WhiteElo "2508"]
[BlackElo "2394"]

1.e4 c5 2.Nf3 Nc6 3.Bb5 Nf6 4.Nc3 g6 5.e5 Ng4 6.Bxc6 dxc6 7.h3 Nh6 8.g4 Bg7
9.d3 O-O 10.Bf4 f5 11.g5 Nf7 12.Qe2 Be6 13.h4 Qa5 14.h5 Qb4 15.Qd2 Qxb2 16.Rb1 Qa3
17.Rxb7 Bd5 18.Nxd5 cxd5 19.h6 Bh8 20.O-O e6 21.Rfb1 Qxa2 22.R1b5 a5 23.Rxc5 Qa1+
24.Kg2 a4 25.Qb4 a3 26.Rcc7 Rae8 27.Qa4 Ra8 28.Qc6 a2 29.Rxf7 Rxf7 30.Rxf7 Kxf7
31.Qb7+ Ke8 32.Qxa8+ Kd7 33.Qa7+ Kc8 34.Nd4  1-0

[Event "4th Pichay Cup"]
[Site "Manila PHI"]
[Date "2008.09.16"]
[Round "4"]
[White "Gomez,Joh"]
[Black "Zhou Weiqi"]
[Result "1/2-1/2"]
[WhiteElo "2457"]
[BlackElo "2556"]

1.e4 c5 2.Nf3 Nc6 3.Bb5 e6 4.O-O Nge7 5.Re1 a6 6.Bf1 d5 7.exd5 Nxd5 8.d4 Nf6
9.Be3 cxd4 10.Nxd4 Bd7 11.Nc3 Bb4 12.a3 Be7 13.Qe2 Rc8 14.Rad1 Qa5 15.Nb3 Qc7
16.h3 O-O 17.g4 Be8 18.Bg2 Nd7 19.Ne4 Nce5 20.Nd4 Nc4 21.Bc1 b5 22.f4 Nc5
23.Kh1 Nxe4 24.Qxe4 Bc5 25.Qb7 Bxd4 26.Rxd4 Qxb7 27.Bxb7 Bc6+ 28.Bxc6 Rxc6
29.Red1 h6 30.c3 f5 31.Rd7 Rf7 32.Rd8+ Rf8 33.R8d7 Rf7 34.Rd8+ Rf8 35.R8d7 Rf7  1/2-1/2

[Event "4th Pichay Cup"]
[Site "Manila PHI"]
[Date "2008.09.16"]
[Round "5"]
[White "Bancod,Ron"]
[Black "Dao Thien Hai"]
[Result "1/2-1/2"]
[WhiteElo "2375"]
[BlackElo "2489"]

1.e4 c5 2.Nf3 Nc6 3.Bb5 e6 4.O-O Nge7 5.b3 a6 6.Bxc6 Nxc6 7.Bb2 Qc7 8.c4 b6
9.d3 Bb7 10.Nbd2 f6 11.Re1 Be7 12.a3 O-O 13.Rc1 Rad8 14.Qc2 Rf7 15.Qb1 Qb8
16.Nf1 Bd6  1/2-1/2

[Event "II ROMGAZ Open"]
[Site "Bucharest ROU"]
[Date "2008.09.18"]
[Round "8"]
[White "Nevednichy,V"]
[Black "Cirlan,I"]
[Result "1-0"]
[WhiteElo "2577"]
[BlackElo "2186"]

1.e4 c5 2.Nf3 Nc6 3.Bb5 Qb6 4.Nc3 e6 5.Bxc6 bxc6 6.d3 d6 7.e5 d5 8.O-O Ne7
9.Na4 Qa5 10.c4 Nf5 11.b3 Ba6 12.Ba3 Nd4 13.Qe1 Nxf3+ 14.gxf3 Qd8 15.Qe3 h5
16.Kh1 g6 17.Bxc5 Qh4 18.Bxf8 Kxf8 19.Nc5 Bc8 20.Rg1 Qe7 21.f4 a5 22.Rg5 Kg7
23.Rag1 Rb8 24.h3 Qc7 25.f5 exf5 26.e6 Rh6 27.Rxf5 Bxe6 28.Nxe6+ fxe6 29.Qxe6 dxc4
30.Rf6  1-0

[Event "II ROMGAZ Open"]
[Site "Bucharest ROU"]
[Date "2008.09.18"]
[Round "8"]
[White "Jackova,J"]
[Black "Gurbanzade,E"]
[Result "1-0"]
[WhiteElo "2358"]
[BlackElo "2193"]

1.e4 c5 2.Nf3 Nc6 3.Bb5 g6 4.Bxc6 dxc6 5.d3 Bg7 6.h3 e5 7.Be3 b6 8.Nc3 Ne7
9.Qd2 h6 10.O-O f5 11.exf5 gxf5 12.Qe2 O-O 13.Bd2 Ng6 14.Nh2 Ba6 15.Qh5 Kh7
16.Nf3 Qd6 17.Rad1 Ne7 18.Rfe1 Qg6 19.Ng5+ Kg8 20.Qxg6 Nxg6 21.Ne6 Rf7 22.Nxg7 Kxg7
23.f4 exf4 24.Rf1 Rd8 25.Bxf4 c4 26.d4 Rfd7 27.Rde1 Rxd4 28.Be3 R4d7 29.Rxf5 Re7
30.Rh5 Kf7 31.Rf1+ Kg8 32.Rxh6 Rd6 33.Bg5 Ree6 34.h4 Bb7 35.h5 Nf8 36.Bf6  1-0

[Event "EYg14"]
[Site "Herceg Novi MNE"]
[Date "2008.09.18"]
[Round "4"]
[White "Baciu,D"]
[Black "Samigullina,D"]
[Result "1-0"]
[WhiteElo "2016"]
[BlackElo "2102"]

1.e4 c5 2.Nf3 Nc6 3.Bb5 g6 4.Bxc6 dxc6 5.d3 Bg7 6.h3 Nf6 7.Nc3 Nd7 8.Be3 e5
9.Qd2 h6 10.O-O Qe7 11.Nh2 Nf8 12.f4 exf4 13.Rxf4 Be6 14.Raf1 Nd7 15.a3 O-O-O
16.Na4 b6 17.b4 Ne5 18.Nb2 cxb4 19.axb4 g5 20.R4f2 g4 21.hxg4 h5 22.Bg5 f6
23.Bxf6 Bxf6 24.Rxf6 hxg4 25.Qf4 Nd7 26.Rh6 Rhf8 27.Qg3 Kb7 28.Nd1 Rh8 29.Rxh8 Rxh8
30.c3 Qg5 31.Ne3 Qg7 32.d4 Nf6 33.Qe5 Qh6 34.Nf5 Bxf5 35.exf5 Re8 36.Qf4 Qg7
37.Qg3 Re4 38.Re1 Qe7 39.Rxe4 Qxe4 40.Qe5 Qb1+ 41.Nf1 Nd5 42.Qg7+ Ka6 43.c4 Ne3
44.b5+ cxb5 45.cxb5+ Kxb5 46.Qe5+ Ka6 47.Qxe3 Qxf5 48.Qe2+ b5 49.Ne3 Qb1+
50.Kf2 g3+ 51.Kxg3 Qg6+ 52.Ng4 Qd6+ 53.Qe5 Qa3+ 54.Ne3 b4 55.Qd6+ Kb7 56.Kf4 Qb2
57.Qd7+ Kb8 58.Ke5 b3 59.Qb5+ Ka8 60.Qc6+ Kb8 61.Nd5 Qc2 62.Kd6 Qg6+ 63.Kc5 Qc2+
64.Kb5 Qd3+ 65.Qc4 a6+ 66.Kb4 Qd2+ 67.Qc3 b2 68.Qxd2 b1=Q+ 69.Kc5 Qb5+ 70.Kd6 a5
71.Qc3 Qa6+ 72.Qc6 Qa7 73.Qb6+ Qxb6+ 74.Nxb6 Kb7 75.Kc5  1-0

[Event "4th ch-EU"]
[Site "Liverpool ENG"]
[Date "2008.09.18"]
[Round "10"]
[White "Radovanovic,J"]
[Black "Dembo,Y"]
[Result "0-1"]
[WhiteElo "2325"]
[BlackElo "2431"]

1.e4 c5 2.Nf3 Nc6 3.Bb5 g6 4.Bxc6 dxc6 5.d3 Bg7 6.h3 b6 7.Nc3 e5 8.Be3 Ne7
9.Qd2 h6 10.O-O-O Be6 11.Kb1 Qd6 12.Nh2 g5 13.h4 f6 14.Nf1 Ng6 15.h5 Ne7
16.Ng3 O-O 17.Na4 Qd7 18.f3 Rfd8 19.Qe2 Nc8 20.b3 Nd6 21.Qf2 Nb5 22.Ne2 Nd4
23.c3 Nxe2 24.Qxe2 f5 25.exf5 Bxf5 26.Kc2 Qf7 27.Kc1 Qd5 28.c4 Qd6 29.Kc2 Qf6
30.Bc1 b5 31.Nxc5 e4 32.Nxe4 Bxe4 33.Qxe4 Qc3+  0-1

[Event "9th YM Open"]
[Site "Lausanne SUI"]
[Date "2008.09.20"]
[Round "2"]
[White "Boidman,Y"]
[Black "Abbet,J"]
[Result "1-0"]
[WhiteElo "2411"]
[BlackElo "2075"]

1.e4 c5 2.Nf3 Nc6 3.Bb5 d5 4.exd5 Qxd5 5.Nc3 Qe6+ 6.Be2 Bd7 7.d4 cxd4 8.Nxd4 Nxd4
9.Qxd4 Bc6 10.O-O Qg6 11.g3 a6 12.Nd5 Qd6 13.c4 e5 14.Qc3 Bxd5 15.cxd5 Nf6
16.Bf3 Be7 17.Re1 Nd7 18.Bg4 O-O 19.Bxd7 Qxd7 20.Qxe5 Bf6 21.Qh5 Rfe8 22.Rd1 Rac8
23.Bf4 Bxb2 24.Rab1 Rc2 25.Rd2 Rxd2 26.Bxd2 Bd4 27.Bf4 b6 28.Rd1 Bc5 29.d6 h6
30.h4 Re6 31.Rd2 Bb4 32.Rd3 Bc5 33.Kg2 a5 34.Qd5 Kf8 35.h5 Kg8 36.Rd2 Kf8
37.g4 Kg8 38.Kg3 Re1 39.Qf5 Re6 40.a4 Kh8 41.Kh3 Kg8 42.Qd3 Re8 43.Qf5 Re6
44.Bg3 Kh8 45.Re2 Kg8 46.Rxe6 fxe6 47.Qd3 Kf8 48.Be5 Ke8 49.Qg6+ Kf8 50.Qh7 Bxd6
51.Qh8+ Ke7 52.Qxg7+ Kd8 53.Qxd7+ Kxd7 54.Bxd6 Kxd6 55.g5 Ke7 56.gxh6 Kf7
57.Kg4  1-0

[Event "Chess City 10th Ann Open"]
[Site "Elista RUS"]
[Date "2008.09.21"]
[Round "7"]
[White "Morozov,Vladis"]
[Black "Barantseva,A"]
[Result "0-1"]
[WhiteElo "2093"]
[BlackElo "1911"]

1.e4 c5 2.Nf3 Nc6 3.Bb5 g6 4.d4 cxd4 5.Bxc6 dxc6 6.Qxd4 Qxd4 7.Nxd4 Bg7 8.Be3 Nf6
9.Nc3 O-O 10.f3 e5 11.Nb3 b6 12.O-O-O Be6 13.g4 Rad8 14.h4 h5 15.g5 Nh7 16.Rhf1 f6
17.f4 exf4 18.Bxf4 fxg5 19.hxg5 Rxd1+ 20.Kxd1 Nxg5 21.Ke1 Bxc3+ 22.bxc3 Bc4
23.Rf2 Nh3 24.Bg3 Nxf2 25.Bxf2 g5 26.Nd4 Rf4 27.Be3 Rxe4 28.Kf2 g4 29.Bg5 g3+
30.Kf3 g2  0-1

[Event "EYb10"]
[Site "Herceg Novi MNE"]
[Date "2008.09.21"]
[Round "6"]
[White "Steinberg,N"]
[Black "Minko,V"]
[Result "1-0"]
[WhiteElo "1959"]
[BlackElo "1800"]

1.e4 c5 2.Nf3 Nc6 3.Bb5 e5 4.O-O Nge7 5.c3 g6 6.d4 cxd4 7.cxd4 exd4 8.Bf4 Bg7
9.Bd6 O-O 10.Na3 a6 11.Bc4 b5 12.Bb3 Bb7 13.Nc2 Qb6 14.e5 h6 15.Ncxd4 Nxd4
16.Nxd4 Rfe8 17.Rc1 Rac8 18.Qg4 Bc6 19.Nxc6 Nxc6 20.Qxd7 Qa7 21.Bxf7+ Kh8
22.Bxe8 Qxd7 23.Bxd7 Rd8 24.Bxc6 Rg8 25.e6 b4 26.e7 a5 27.e8=Q Rxe8 28.Bxe8 Bxb2
29.Rc7 a4 30.Bxg6 b3 31.Re1 Bg7 32.Re8+ Bf8 33.Rxf8+  1-0

[Event "EYb12"]
[Site "Herceg Novi MNE"]
[Date "2008.09.21"]
[Round "6"]
[White "Kovacevic,Bo"]
[Black "Tanciuc,A"]
[Result "1-0"]
[WhiteElo "1896"]
[BlackElo "1670"]

1.e4 c5 2.Nf3 Nc6 3.Bb5 e6 4.O-O Nge7 5.c3 a6 6.Ba4 b5 7.Bc2 Bb7 8.Re1 d5
9.d4 cxd4 10.cxd4 dxe4 11.Bxe4 g6 12.Bg5 Bg7 13.d5 Na5 14.d6 Bxe4 15.Rxe4 Nac6
16.Nc3 f6 17.Rxe6 fxg5 18.Nd5 Ra7 19.Rc1 Qd7 20.Qe2 Bxb2 21.Re1 Bg7 22.Nxe7 Kd8
23.Nxc6+ Qxc6 24.d7 Qd5 25.Rd1 Qxd7 26.Rxd7+ Rxd7 27.g3 Rf8 28.Rxa6 Rf5 29.Ra8+ Kc7
30.Qxb5 Kd6  1-0

[Event "EYg12"]
[Site "Herceg Novi MNE"]
[Date "2008.09.21"]
[Round "6"]
[White "Dziodzio,A"]
[Black "Styazhkina,A"]
[Result "0-1"]
[WhiteElo "1704"]
[BlackElo "1898"]

1.e4 c5 2.Nf3 Nc6 3.Bb5 g6 4.Bxc6 bxc6 5.O-O Bg7 6.c3 Nf6 7.Re1 O-O 8.d4 cxd4
9.cxd4 d5 10.e5 Ne4 11.Nc3 Nxc3 12.bxc3 Bf5 13.Nh4 Bc8 14.Rb1 e6 15.Nf3 Qa5
16.Qc2 Ba6 17.Bg5 Bc4 18.Rb2 Qa6 19.Qd2 Bd3 20.Bf6 Rab8 21.h3 Rxb2 22.Qxb2 Bc4
23.a3 Qa5 24.Nh2 Bxf6 25.exf6 Qd8 26.Qb7 Qxf6 27.Qxa7 Qd8 28.Ng4 Qb8 29.Qc5 Qc7
30.Rb1 Kg7 31.Ne5 Rc8 32.Nxc4 dxc4 33.Qxc4 Ra8 34.a4 Ra5 35.Rb4 Qf4 36.Rb1 Qe4
37.Qb4 Rg5 38.g3 h5 39.Qb8 h4 40.g4 Qd3 41.Kg2 Qe4+ 42.Kh2 Qf3 43.Qb2 Qf4+
44.Kg2 e5 45.dxe5 Rxe5 46.c4 Kh7 47.Qc2 Re4 48.Rc1 Rd4 49.Qc3 Qe4+ 50.Qf3 Qe6
51.Qe3 Qf6 52.a5 c5 53.Rc3 Rf4 54.a6 Qc6+ 55.Kh2 Rd4 56.Qe7 Kg7 57.Qe5+ Kh7
58.a7 Rd1 59.f3 Rd2+ 60.Kg1 Qa4 61.Rc1 Qxa7 62.Qe1 Qa2 63.Qxh4+ Kg7 64.Qg3 Qb2
65.Re1 Qd4+ 66.Kh1 Qxc4 67.Qe5+ Kh7 68.h4 Qc2 69.h5 c4 70.Qf4 Rd7 71.hxg6+ Qxg6
72.Qxc4 Qf6 73.Qe4+ Kg7 74.Kg2 Qa6 75.Qf5 Rd2+ 76.Kg3 Qd6+ 77.Qe5+ Qxe5+
78.Rxe5 Kg6 79.Kf4 Rd4+ 80.Re4 Rd6 81.g5 Rd5 82.Re7 Rf5+ 83.Ke4 Rxg5 84.f4 Rg1
85.Re5 Re1+ 86.Kd5 Rd1+ 87.Ke4 f6 88.f5+ Kg5 89.Ra5 Re1+ 90.Kd4 Kf4 91.Kd3 Rd1+
92.Ke2 Rd8 93.Kf2 Rd2+ 94.Ke1 Rh2 95.Kf1 Kf3 96.Kg1 Rg2+ 97.Kf1 Rh2 98.Kg1 Rh5
99.Rb5 Kf4 100.Kf2 Rh2+ 101.Kg1 Re2 102.Kf1 Re3 103.Kf2 Ra3 104.Rc5 Ra2+
105.Ke1 Ke4 106.Rb5 Rc2 107.Ra5 Rh2 108.Rb5 Ke3 109.Kf1 Rf2+ 110.Kg1 Rf4
111.Kg2 Rg4+ 112.Kh3 Rg5 113.Kh4 Kf4 114.Kh3 Rxf5 115.Rb4+ Ke5 116.Kg3 Rf1
117.Rb5+ Ke6 118.Ra5 Kf7 119.Kg2 Rb1 120.Kf3 Kg6 121.Kf4 Rb4+ 122.Kf3 f5
123.Rc5 Kg5 124.Rc8 Rb3+ 125.Kf2 Kg4 126.Rg8+ Kf4 127.Rf8 Rb2+ 128.Kf1 Ke4
129.Re8+ Kf3 130.Re1 f4 131.Ra1 Kg3 132.Rc1 f3 133.Kg1 Rg2+ 134.Kf1 Rh2  0-1

[Event "Open"]
[Site "Yuzhny UKR"]
[Date "2008.09.22"]
[Round "4"]
[White "Horoschavina,O"]
[Black "Bogdanovich,S"]
[Result "1/2-1/2"]
[WhiteElo "2076"]
[BlackElo "2299"]

1.e4 c5 2.Nf3 Nc6 3.Bb5 g6 4.O-O Bg7 5.Bxc6 dxc6 6.h3 Nf6 7.Re1 Nd7 8.e5 Nf8
9.d3 Ne6 10.Ng5 c4 11.Nxe6 Bxe6 12.d4 O-O 13.Nc3 Bd5 14.Be3 Qd7 15.Qd2 Rfd8
16.Bh6 Bh8 17.Rad1 Qe6 18.Qe3 Rd7 19.Ne2 Qf5 20.Nf4 g5 21.Nxd5 Rxd5 22.Bxg5 e6
23.Qg3 Qxc2 24.Rc1 Qg6 25.Rxc4 Bg7 26.Qe3 Rc8 27.b4 a6 28.a3 Rc7 29.Rec1 Rcd7
30.a4 h6 31.Bh4 Kh7 32.a5 h5 33.Bg5 Bh6 34.h4 f6 35.exf6 Bxg5 36.hxg5 Rxg5
37.g3 Qxf6 38.Rc5 Rdd5 39.Rxd5 Rxd5 40.Rc5 Kg6 41.Rxd5 cxd5 42.Kg2 Qf5 43.Qc3 Qf7
44.Qd3+ Kg7 45.Qe3 Qf5 46.Qc3 Qf7 47.Qe3 Qf6 48.Qc3 Qe7 49.Qd2 e5 50.Qe2 e4
51.Qxh5 Qd6 52.Qg5+ Kf7 53.Qf5+ Kg7 54.Qg5+ Kf7 55.Qf5+ Kg7 56.Qg5+  1/2-1/2

[Event "USCL 2008"]
[Site "ICC INT"]
[Date "2008.09.24"]
[Round "5"]
[White "Vazirova,K"]
[Black "Lee,Micha"]
[Result "0-1"]
[WhiteElo "2226"]
[BlackElo "2290"]

1.e4 c5 2.Nf3 Nc6 3.Bb5 g6 4.O-O Bg7 5.c3 Nf6 6.Qa4 Qc7 7.Re1 O-O 8.d4 cxd4
9.cxd4 d5 10.e5 Ne4 11.Nbd2 Nxd2 12.Bxd2 Bd7 13.Qb3 Qb6 14.Qxd5 Be6 15.Qc5 Nxd4
16.Qxb6 Nxf3+ 17.gxf3 axb6 18.a3 Rfd8 19.Bc3 Bd5 20.Kg2 Bb3 21.f4 Bh6 22.Kg3 Rd5
23.Bf1 Ra4 24.Bb4 Rd4 25.Bb5 Ra8 26.Bxe7 Bxf4+ 27.Kg2 Rd5 28.a4 Rxe5 29.Bf6 Rf5
30.Bc3 Bd5+ 31.f3 Rg5+ 32.Kf2 Bxh2 33.Rh1 Bg3+ 34.Ke2 Rf5 35.Raf1 h5 36.Bd3 Re8+
37.Kd2 Rxf3 38.Rxf3 Bxf3 39.Rf1 Bd5  0-1

[Event "Open"]
[Site "Yuzhny UKR"]
[Date "2008.09.24"]
[Round "7"]
[White "Miljutin,O"]
[Black "Aliferenko,A"]
[Result "1-0"]
[WhiteElo "2167"]
[BlackElo "2253"]

1.e4 c5 2.Nf3 Nc6 3.Bb5 Qc7 4.c3 g6 5.O-O Bg7 6.d4 Qb6 7.Bxc6 dxc6 8.dxc5 Qxc5
9.Be3 Qh5 10.Bd4 Nf6 11.Nbd2 O-O 12.Re1 Bg4 13.h3 Bxf3 14.Nxf3 Rfd8 15.Qb3 b6
16.Ne5 e6 17.Nxc6 Re8 18.Ne5 Red8 19.a4 Nd7 20.Nc6 Re8 21.Qb5 Bxd4 22.cxd4 Qh4
23.Rac1 a6 24.Qd3 Qf4 25.b4 Qd6 26.Rc3 Nb8 27.b5 axb5 28.axb5 Nd7 29.Qc2 e5
30.Rd1 exd4 31.Rc4 Nc5 32.Rcxd4 Qe6 33.e5 Ra2 34.Qb1 Ra3 35.Qc1 Raa8 36.Qh6 f5
37.h4 Qf7 38.Rd6 Qg7 39.Qg5 Ne4 40.Qc1 Nxd6 41.exd6 Qd7 42.Qc4+ Kg7 43.Qd4+ Kh6
44.Qxb6 Re6 45.Qc7 Qxc7 46.dxc7 Rc8 47.Rd7 Re1+ 48.Kh2 Rc1 49.f3 Rc4 50.Kh3 Rc3
51.Kg3 Rc4 52.Re7 g5 53.Re6+ Kh5 54.b6 gxh4+ 55.Kf2 Rc2+ 56.Ke3 Rb2 57.Ne7 Rxb6
58.Rxb6 Rxc7 59.Nxf5 Rc2 60.Kf4 Rc4+ 61.Ke5 Rc2 62.Rh6+ Kg5 63.f4+  1-0

[Event "Autumn-5"]
[Site "Alushta UKR"]
[Date "2008.09.27"]
[Round "2"]
[White "Kovalev,An"]
[Black "Iljin,T"]
[Result "1/2-1/2"]
[WhiteElo "2550"]
[BlackElo "2408"]

1.e4 c5 2.Nf3 Nc6 3.Bb5 e6 4.O-O Nge7 5.Re1 a6 6.Bxc6 Nxc6 7.d4 cxd4 8.Nxd4 Qc7
9.Nxc6 Qxc6 10.Nc3 b5 11.a4 Bb7 12.axb5 axb5 13.Rxa8+ Bxa8 14.Qd3 b4 15.Nb5 f5
16.Bf4 fxe4 17.Qe2 Be7 18.Nc7+ Kf7 19.Qh5+ g6 20.Qh6 Bf6 21.Nxa8 Qxa8 22.Bd6 b3
23.cxb3 Qd5 24.Ba3 Qxb3 25.Qf4 Qd5 26.g3 g5 27.Qxe4 Qxe4 28.Rxe4 Rb8 29.b4 d5
30.Re3 d4 31.Rb3 e5 32.b5 Ke6 33.b6 Kd5 34.g4 e4 35.Rb5+ Kc4 36.Rc5+ Kb3
37.Rc6 Kxa3 38.Rxf6 Kb4 39.Re6 Kc3 40.Kf1 Kd3 41.Kg2 Rb7 42.Kf1 Rb8 43.Kg2 Kc3
44.Kf1 Kc4 45.Ke2 Kd5 46.Rf6 Ra8 47.Kd2 Ra2+ 48.Kc1 Ra4 49.b7 Rb4 50.Rf7 Kc6
51.Re7 Rxb7 52.Rxe4 Kd5 53.Re8 Rf7 54.Rg8 h6 55.Rg6 Rxf2 56.Rxh6 Ke4 57.h4 gxh4
58.Rxh4 Kd3 59.Rh3+ Ke2 60.Kc2 Rg2 61.g5 Rxg5 62.Rh2+ Ke3 63.Rh3+ Ke4 64.Rh4+ Kd5
65.Rh2  1/2-1/2

[Event "TCh-NED 2008-9"]
[Site "Netherlands NED"]
[Date "2008.09.27"]
[Round "1"]
[White "Van den Doel,E"]
[Black "Sprenger,J"]
[Result "1/2-1/2"]
[WhiteElo "2568"]
[BlackElo "2511"]

1.e4 c5 2.Nf3 Nc6 3.Bb5 g6 4.Bxc6 dxc6 5.d3 Bg7 6.Nbd2 Nf6 7.Nc4 O-O 8.a4 Be6
9.Qe2 Bxc4 10.dxc4 Qc8 11.O-O a5 12.e5 Ne8 13.Nh4 Nc7 14.f4 f5 15.exf6 exf6
16.f5 g5 17.Nf3 Qxf5 18.Nd4 Qe5 19.Qxe5 fxe5 20.Rxf8+ Kxf8 21.Nf5 Ne6 22.Bd2 Bf6
23.Rf1 b6 24.Bc3 Nf4 25.Re1 Rd8 26.Nh6 Kg7 27.Ng4 Ng6 28.Rf1 Rd6 29.g3 h5
30.Nxf6 Rxf6 31.Rd1 g4 32.Bd2 Rf5 33.Bc3 Rf7 34.Rd6 Rf6 35.Rd8 Rf8 36.Rd6  1/2-1/2

[Event "TCh-NED 2008-9"]
[Site "Netherlands NED"]
[Date "2008.09.27"]
[Round "1"]
[White "Vedder,H"]
[Black "Kuipers,S"]
[Result "1-0"]
[WhiteElo "2358"]
[BlackElo "2321"]

1.e4 c5 2.Nf3 Nc6 3.Bb5 g6 4.O-O Bg7 5.c3 Nf6 6.Qa4 O-O 7.d4 cxd4 8.cxd4 d5
9.e5 Nd7 10.h3 Nb6 11.Qd1 Bd7 12.Nc3 Rc8 13.Re1 Be8 14.Bf1 Na5 15.Bf4 h6
16.Rc1 Kh7 17.Bd3 e6 18.h4 a6 19.h5 Nc6 20.Bg3 Kh8 21.hxg6 fxg6 22.Bb1 Ne7
23.Bh4 Qd7 24.Qd3 Kg8 25.Bf6 Nc4 26.b3 Nb6 27.a4 Rb8 28.a5 Nbc8 29.Bxg7 Kxg7
30.Na4 Nc6 31.Nc5 Qf7 32.Qd2 N8e7 33.Re3 Nf5 34.Bxf5 gxf5 35.Nh4 Nd8 36.Rg3+ Kh7
37.Rg6 f4 38.Rf6  1-0

[Event "Tatry Open"]
[Site "Tatranske Zruby SVK"]
[Date "2008.09.27"]
[Round "1"]
[White "Dudas,Jan1"]
[Black "Badura,P"]
[Result "1-0"]
[WhiteElo "2264"]
[BlackElo "1971"]

1.e4 c5 2.Nf3 Nc6 3.Bb5 d6 4.O-O Bd7 5.c3 Nf6 6.Re1 g6 7.d4 cxd4 8.cxd4 Bg7
9.Nc3 O-O 10.h3 Qc7 11.e5 Ne8 12.Bg5 e6 13.Rc1 a6 14.Bxc6 Bxc6 15.d5 exd5
16.Nxd5 Qa5 17.Ne7+ Kh8 18.Nxc6 bxc6 19.Be7 Rg8 20.Ng5 Bxe5 21.Nxf7+ Kg7
22.Nxe5 dxe5 23.Rxc6 Qxa2 24.Qe2 Qd5 25.Rc5 Qd4 26.Rxe5 Kh8 27.Qf3 Qxb2 28.Bf6+ Ng7
29.Re7 Qb5 30.Rxg7  1-0

[Event "Zvenigorodskaya Open A"]
[Site "Zvenigorod RUS"]
[Date "2008.09.28"]
[Round "6"]
[White "Kuzubov,Y"]
[Black "Shaposhnikov,E"]
[Result "1/2-1/2"]
[WhiteElo "2578"]
[BlackElo "2558"]

1.e4 c5 2.Nf3 Nc6 3.Bb5 d6 4.O-O Bd7 5.Re1 Nf6 6.c3 a6 7.Ba4 b5 8.Bc2 Bg4
9.a4 Rb8 10.axb5 axb5 11.d4 cxd4 12.cxd4 e5 13.d5 Nd4 14.Nbd2 Nxc2 15.Qxc2 Be7
16.h3 Bd7 17.Nb3 O-O 18.Na5 Rc8 19.Qb3 Qb6 20.Be3 Qb8 21.Qb4 Bd8 22.Nd2 Bb6
23.Bxb6 Qxb6 24.Rac1 Qa6 25.Ra1 Qb6 26.Rec1 Rfd8 27.Nab3 Ne8 28.Nc4 Qb8 29.Ne3 Qb6
30.Qa5 Rxc1+ 31.Nxc1 Qxa5 32.Rxa5 g6 33.Nd3 Kf8 34.Ra7 Nf6 35.f3 Rc8 36.Kf2 Ke8
37.Ke2 Kd8 38.Kd2 Ne8 39.Nb4 Rc7 40.Ra1 f5 41.exf5 gxf5 42.g4 f4 43.Ra8+ Rc8  1/2-1/2

[Event "17th CRO-chT 1w"]
[Site "Sibenik CRO"]
[Date "2008.09.29"]
[Round "3"]
[White "Bazaj Bockai,S"]
[Black "Zelic,Ma"]
[Result "1-0"]
[WhiteElo "2103"]
[BlackElo "2046"]

1.e4 c5 2.Nf3 Nc6 3.Bb5 g6 4.Bxc6 bxc6 5.d3 Bg7 6.O-O e5 7.Be3 Qe7 8.Nbd2 d5
9.exd5 cxd5 10.Re1 f6 11.c3 Nh6 12.Qb3 d4 13.cxd4 cxd4 14.Bxd4 Be6 15.Qb5+ Kf7
16.Bc5 Qc7 17.Rac1 Rhb8 18.Qa6 Rxb2 19.Nc4 Bxc4 20.Qxc4+ Ke8 21.Qe6+  1-0

[Event "Zvenigorodskaya Open A"]
[Site "Zvenigorod RUS"]
[Date "2008.09.29"]
[Round "8"]
[White "Yandemirov,V"]
[Black "Malakhatko,V"]
[Result "1/2-1/2"]
[WhiteElo "2463"]
[BlackElo "2612"]

1.e4 c5 2.Nf3 Nc6 3.Bb5 d6 4.d4 cxd4 5.Qxd4 Qa5+ 6.Nc3 Qxb5 7.Nxb5 Nxd4 8.Nfxd4 Kd8
9.c4 a6 10.Nc3 e6 11.Na4 Kc7 12.c5 dxc5 13.Bf4+ Bd6 14.Bxd6+ Kxd6 15.Nb3 Kc7
16.Naxc5 b6 17.Nd3 Ne7 18.Ne5 f6 19.Rc1+ Kb8 20.Nc4 Kb7 21.Nd6+ Kb8 22.Nc4 Kb7
23.Nd6+ Kb8  1/2-1/2

[Event "YUURGU-65 GM"]
[Site "Chelyabinsk RUS"]
[Date "2008.10.02"]
[Round "1"]
[White "Efanov,N"]
[Black "Gabrielian,A"]
[Result "0-1"]
[WhiteElo "2398"]
[BlackElo "2486"]

1.e4 c5 2.Nf3 Nc6 3.Bb5 d6 4.O-O Bd7 5.Re1 Nf6 6.h3 a6 7.Bf1 e5 8.c3 Be7
9.d4 cxd4 10.cxd4 Rc8 11.Nc3 O-O 12.Be3 Re8 13.d5 Na5 14.Nd2 b5 15.a3 Nc4
16.Nxc4 bxc4 17.Rc1 Qa5 18.g3 Bd8 19.Kh2 Bb6 20.f4 Bxe3 21.Rxe3 Rb8 22.Re2 g6
23.Bg2 Nh5 24.f5 Qc5 25.Bf3 Nf6 26.Qd2 Kg7 27.g4 h6 28.h4 Qd4 29.g5 hxg5
30.Qxg5 Rh8 31.fxg6 fxg6 32.Kg3 Rbf8 33.Rce1 Qb6 34.Qe3 Qd8 35.Qg5 Nh5+ 36.Bxh5 Qxg5+
37.hxg5 Rxh5 38.Rg2 Rh3+  0-1

[Event "ch-Commonwealth"]
[Site "Nagpur IND"]
[Date "2008.10.02"]
[Round "6"]
[White "Yashas,D"]
[Black "Bhagwat,V"]
[Result "0-1"]
[WhiteElo "1992"]
[BlackElo "2187"]

1.e4 c5 2.Nf3 Nc6 3.Bb5 e6 4.b3 Nge7 5.Bb2 a6 6.Bxc6 Nxc6 7.O-O d6 8.d4 cxd4
9.Nxd4 e5 10.Nxc6 bxc6 11.f4 Qc7 12.Nd2 f6 13.fxe5 dxe5 14.Qh5+ g6 15.Qe2 Bc5+
16.Kh1 Qe7 17.Qc4 Be6 18.Qa4 Bd7 19.Qc4 Rf8 20.Nf3 Bb6 21.a4 Bc5 22.Rad1 Be6
23.Qe2 Rf7 24.Rd3 Kf8 25.Rfd1 Qc7 26.Qd2 Re7 27.b4 Ba7 28.Ba3 Kg7 29.b5 c5
30.bxa6 Bb6 31.Bc1 c4 32.Qh6+ Kg8 33.R3d2 Ree8 34.Ba3 Rxa6 35.Rd6 Raa8 36.Qh4 Kg7
37.Bc1 Bc5 38.Bh6+ Kg8 39.R6d2 Be7 40.Qf2 Rxa4 41.c3 Ra3 42.Rc2 Rd8 43.Rf1 Qa7
44.Be3 Qb7 45.Rb2 Rb3 46.Ra2 Qc6 47.Ra7 Rd7 48.Ra8+ Qxa8 49.Bh6 Qxe4 50.Nd2 Rxd2
51.Bxd2 Rb2 52.Qe3 Qxe3 53.Bxe3 Bd5 54.Rg1 f5 55.h3 f4 56.Bc1 Rc2 57.Kh2 Bc5  0-1

[Event "58th TCh w 1st Div"]
[Site "Borovets BUL"]
[Date "2008.10.03"]
[Round "3"]
[White "Danova,T"]
[Black "Gocheva,R"]
[Result "0-1"]
[WhiteElo "2125"]
[BlackElo "2180"]

1.e4 c5 2.Nf3 Nc6 3.Bb5 Nf6 4.e5 Nd5 5.Bxc6 dxc6 6.h3 g6 7.O-O Bg7 8.Nc3 Nc7
9.d3 Ne6 10.Be3 Nd4 11.Bxd4 cxd4 12.Ne2 c5 13.c3 dxc3 14.bxc3 O-O 15.d4 Qc7
16.Ng3 b6 17.Qe2 Bb7 18.Rfd1 Rfd8 19.Ng5 Bh6 20.h4 Bxg5 21.hxg5 cxd4 22.cxd4 Qc6
23.f3 Qa4 24.Qe3 Bd5 25.Rd2 Rac8 26.Ne2 Rc4 27.Rc1 Rxc1+ 28.Nxc1 Rc8 29.Nb3 Qb4
30.Rb2 Rc3 31.Qd2 Qc4 32.Qf2 Qd3 33.Nd2 Qf5 34.Nf1 Qxg5 35.Kh2 Qh6+ 36.Kg3  0-1

[Event "ch-Commonwealth"]
[Site "Nagpur IND"]
[Date "2008.10.03"]
[Round "8"]
[White "Grover,S"]
[Black "Bhagwat,V"]
[Result "1-0"]
[WhiteElo "2306"]
[BlackElo "2187"]

1.e4 c5 2.Nf3 Nc6 3.Bb5 e6 4.Bxc6 bxc6 5.d3 Qc7 6.Qe2 e5 7.Be3 d6 8.O-O Ne7
9.Nh4 h6 10.f4 exf4 11.Bd2 g5 12.Bc3 Rg8 13.Nf5 Nxf5 14.exf5+ Qe7 15.Qg4 h5
16.Qxh5 Bxf5 17.Re1 Be6 18.b4 cxb4 19.Bxb4 Bg7 20.Bc3 Bxc3 21.Nxc3 d5 22.Na4 O-O-O
23.Rab1 Rh8 24.Qe2 Qf6 25.Qf2 d4 26.Qd2 f3 27.gxf3 Qxf3 28.Re4 Bh3 29.Nc5 Rhe8
30.Rb8+ Kxb8 31.Qb4+ Kc7 32.Na6+ Kd7 33.Qb7+ Kd6 34.Qc7+ Kd5 35.Qa5+ Kd6
36.Qc5+ Kd7 37.Qxa7+ Kd6 38.Qc7+  1-0